000 00887nam a2200253 a 4500
001 000018584
005 20200929165827.0
008 100511s1986 sp a 000 m spa d
020 _a8420727520
040 _aDO-SdBNP
_bspa
_cBNPHU
082 _a862.64
_bM636t
100 1 _aMihura, Miguel,
_d1905-1977
_93535
245 1 0 _aTres sombreros de copa /
_cMiguel Mihura ; edición, introducción, notas, comentarios y apéndice de Arcadio López-Casanova.
260 _aMadrid :
_bAnaya,
_b1986.
300 _a151, [1] p. :
_bil. ;
_c19 cm.
490 1 _aBiblioteca didáctica Anaya
_v20
500 _aIncluye notas al pie de las páginas.
504 _aBibliografía: p. 151
650 4 _aTeatro español
_93071
650 4 _aLiteratura español
_921904
700 1 _aLópez-Casanova, Arcadio,
_d1942-
_eed.
_99132
830 0 _aBiblioteca didáctica Anaya ;
_v20
_98965
049 _aBNGR
999 _c18104
_d18104